| 000 | 00641nam a2200217 4500 | ||
|---|---|---|---|
| 003 | LK-CoMWRAF | ||
| 005 | 20231030123757.0 | ||
| 008 | 231030b1996 |||||||| |||| 00| 0 eng d | ||
| 020 | _a1573220434 | ||
| 040 |
_aLK-CoMWRAF _dLK-CoMWRAF _eLK-CoMWRAF |
||
| 041 | _aeng | ||
| 082 |
_a305.4 _bBOR |
||
| 100 | _aBorysenko, Joan | ||
| 245 |
_aA woman's book of life : _bthe biology, psychology, and spirituality of the feminine life cycle |
||
| 260 |
_aNew York: _bRiverhead Books, _c1996 |
||
| 300 |
_axiv, 304 p. ; 25 cm. _bIndex included |
||
| 650 | _aWOMEN | ||
| 650 | _aWomen--Psychology | ||
| 650 | _aLife cycle, Human | ||
| 942 | _cBK | ||
| 999 |
_c4044 _d4044 |
||